000 00242nam a2200097Ia 4500
001 1215199
005 20250827024546.0
008 250824s9999 xx 000 0 und d
245 0 _aKELOĞLAN
_cCANSU ONURLUER
260 _bMODEL ÇOCUK YAYINEVİ
999 _c1215199
_d1215199